000 01199nam0a22002771 4500
001 rc\388348
005 20260407121218.0
035 _a(NLR Aleph) 005638406
090 _a6642440
_c6642440
100 _a20030616d1989 |||y0rusy50 ca
101 0 _arus
102 _aRU
105 _ay |||||||||
200 1 _aКНИГА и книжная культура в славистических исследованиях
_eНауч.-аналит. обзор
_fАН УССР, Ин-т философии. Отд. науч. информ. по обществ. наукам
_g[К. ф. н. Н.Ф. Кодак
_gОтв. ред. д. и. н. Ю.В. Сиволоб]
210 _aКиев
_cБ. и.
_d1989
215 _a42 с.
_d20
225 1 _aНаучная информация
_iОбщественные науки
320 _aБиблиогр.: с. 42
701 1 _aКодак
_bН.Ф.
_gНиколай Филиппович
702 1 _aСиволоб
_bЮ.В.
_4340
712 0 2 _aИнститут философии им. Г. С. Сковороды
_cКиев
_3RU\NLR\AUTH\889954959
_9405943
801 0 _aRU
_bNLR
_gpsbo
801 1 _aRU
_bELAR
_2rusmarc
852 _aNLR
_j90-4/1719
942 _cBOOK
980 _aNB